| 000 | 00456nam a2200145 4500 | ||
|---|---|---|---|
| 001 | 119426 | ||
| 003 | ES-MaACL | ||
| 007 | t| | ||
| 008 | 070214s1916 sz r ||||1| fre d | ||
| 100 | 1 |
_aPiltz, Erasme. _992046 |
|
| 245 | 1 | 0 |
_aPetite encyclopédie polonaise / _couvrage collectif publié sous la direction de Erasme Piltz. |
| 260 |
_aLausanne ; Paris : _bLibrairie Payot & Cie, _c1916. |
||
| 300 |
_aVIII, 478 p. ; _c22 cm. |
||
| 852 |
_aES-MaACL _jG-3827 |
||
| 999 |
_c119426 _d119426 |
||